Statistics for My Singing Monsters Monsters Quiz

Click here to take the quiz!

General Stats

  • This quiz has been taken 225 times
    (220 since last reset)
  • The average score is 47 of 147

Answer Stats

RarityMonsterElementsDebut IslandIslands% Correct
Single ElementNogginEarthPlant IslandPlant, Air, Water, Earth, Haven, Faerie, Bone, Tribal, Composer, Gold
92%
Single ElementToe JammerWaterPlant IslandPlant, Cold, Air, Water, Oasis, Psychic, Bone, Tribal, Composer, Gold
90%
Single ElementMammottColdPlant IslandPlant, Cold, Air, Earth, Oasis, Faerie, Shugabush, Tribal, Composer, Gold
87%
Single ElementPotbellyPlantPlant IslandPlant, Cold, Water, Earth, Haven, Psychic, Shugabush, Tribal, Composer, Gold
85%
Double ElementFurcornPlant / ColdPlant IslandPlant, Cold, Earth, Shugabush, Tribal, Composer, Gold
73%
EtherealGhaztPlasmaPlant IslandPlant, Ethereal
73%
Double ElementMawWater / ColdPlant IslandPlant, Cold, Air, Oasis, Tribal, Composer, Gold
73%
Double ElementDrumplerEarth / ColdPlant IslandPlant, Air, Earth, Faerie, Tribal, Composer, Gold
70%
ShugafamShugabushLegendaryPlant IslandPlant, Shugabush, Gold
69%
Single ElementTweedleAirCold IslandCold, Air, Water, Earth, Haven, Oasis, Tribal, Composer, Gold
69%
SupernaturalWubboxElectricityPlant IslandPlant, Cold, Air, Water, Earth, Ethereal, Wublin, Gold
69%
Quad ElementEntbratPlant / Earth / Water / ColdPlant IslandPlant, Tribal, Composer, Gold
68%
Double ElementFwogEarth / WaterPlant IslandPlant, Air, Water, Bone, Tribal, Composer, Gold
68%
DipstersReDipstersPlant IslandPlant, Cold, Air, Water, Earth, Haven, Oasis, Ethereal
68%
Triple ElementT-RoxEarth / Water / ColdPlant IslandPlant, Air, Tribal, Composer, Gold
68%
DipstersSoDipstersPlant IslandPlant, Cold, Air, Water, Earth, Haven, Oasis, Ethereal
66%
Triple ElementBowgartPlant / Water / ColdPlant IslandPlant, Cold, Tribal, Composer, Gold
64%
DipstersDoDipstersPlant IslandPlant, Cold, Air, Water, Earth, Haven, Oasis, Ethereal
63%
DipstersLaDipstersPlant IslandPlant, Cold, Air, Water, Earth, Haven, Oasis, Ethereal
62%
DipstersMiDipstersPlant IslandPlant, Cold, Air, Water, Earth, Haven, Oasis, Ethereal
62%
Double ElementOaktopusPlant / WaterPlant IslandPlant, Cold, Water, Psychic, Shugabush, Tribal, Composer, Gold
62%
Triple ElementClamblePlant / Earth / ColdPlant IslandPlant, Earth, Tribal, Composer, Gold
61%
DipstersFaDipstersPlant IslandPlant, Cold, Air, Water, Earth, Haven, Oasis, Ethereal
61%
Double ElementShrubbPlant / EarthPlant IslandPlant, Water, Earth, Haven, Tribal, Composer, Gold
61%
Triple ElementPummelPlant / Earth / WaterPlant IslandPlant, Water, Tribal, Composer, Gold
60%
DipstersTiDipstersPlant IslandPlant, Cold, Air, Water, Earth, Haven, Oasis, Ethereal
59%
Double ElementDandidooAir / PlantCold IslandCold, Water, Earth, Haven, Tribal, Composer, Gold
58%
Triple ElementPomPomAir / Earth / ColdAir IslandAir, Earth, Shugabush, Tribal, Composer, Gold
56%
Double ElementQuibbleAir / WaterCold IslandCold, Air, Water, Oasis, Shugabush, Tribal, Composer, Gold
56%
SeasonalPunkletonSpooktaclePlant IslandPlant, Gold
55%
Triple ElementCongleAir / Water / ColdAir IslandAir, Oasis, Tribal, Composer, Gold
54%
Triple ElementCongleAir / Water / ColdCold IslandCold, Tribal, Composer, Gold
54%
Quad ElementDeedgeAir / Plant / Water / ColdCold IslandCold, Shugabush, Tribal, Composer, Gold
54%
Double ElementPangoAir / ColdCold IslandCold, Air, Earth, Oasis, Tribal, Composer, Gold
54%
Quad ElementRiffAir / Earth / Water / ColdAir IslandAir, Tribal, Composer, Gold
54%
MythicalG'joobMythicalPlant IslandPlant
53%
Single ElementKaynaFireFire HavenHaven, Oasis, Psychic, Faerie, Bone
53%
Double ElementCybopAir / EarthAir IslandAir, Water, Earth, Haven, Tribal, Composer, Gold
52%
Triple ElementSpungeAir / Plant / WaterWater IslandWater, Tribal, Composer, Gold
51%
Triple ElementSpungeAir / Plant / WaterCold IslandCold, Tribal, Composer, Gold
51%
Triple ElementThumpiesAir / Plant / ColdCold IslandCold, Earth, Tribal, Composer, Gold
51%
WeirdoParlsonaLegendaryPlant IslandPlant, Air, Water
49%
WeirdoTawkerrLegendaryPlant IslandPlant, Cold
49%
EtherealGrumpyreShadowCold IslandCold, Ethereal
48%
SeasonalHoolaSummerSongAir IslandAir, Earth, Gold
48%
Quad ElementQuarristerAir / Plant / Earth / ColdEarth IslandEarth, Tribal, Composer, Gold
47%
Quad ElementShellbeatAir / Plant / Earth / WaterWater IslandWater, Tribal, Composer, Gold
46%
SeasonalYoolFestival of YayCold IslandCold, Gold
45%
Triple ElementScupsAir / Earth / WaterAir IslandAir, Water, Tribal, Composer, Gold
44%
EtherealReebroMechAir IslandAir, Ethereal
43%
SeasonalBlabbitEggs-TravaganzaWater IslandWater, Gold
42%
Triple ElementReedlingAir / Plant / EarthWater IslandWater, Earth, Haven, Tribal, Composer, Gold
42%
EtherealJeeodeCrystalWater IslandWater, Ethereal
41%
Double ElementFlowahPlant / FireFire HavenHaven, Psychic
39%
WeirdoMaggpiLegendaryCold IslandCold, Water
38%
EtherealHumbugPoisonEarth IslandEarth, Ethereal
37%
MythicalYawstrichMythicalAir IslandAir
35%
Quad ElementTringAir / Plant / Earth / FireFire HavenHaven
34%
Triple ElementBarrbAir / Plant / FireFire HavenHaven
33%
Double ElementStoggEarth / FireFire HavenHaven, Faerie, Bone
33%
Double ElementGlowlAir / FireFire HavenHaven, Oasis
32%
WeirdoStoowarbLegendaryAir IslandAir
32%
Single ElementFloot FlyFaerieFaerie IslandFaerie
30%
Double ElementPhanglerWater / FireFire OasisOasis, Psychic, Bone
30%
SeasonalSchmoochleSeason of LoveAir IslandAir, Gold
30%
Quad ElementSneyserAir / Water / Cold / FireFire OasisOasis
30%
Triple ElementWynqWater / Air / FireFire OasisOasis
30%
Single ElementClackulaBoneBone IslandBone
29%
Triple ElementFloogullAir / Earth / FireFire HavenHaven
29%
Double ElementBoskusCold / FireFire OasisOasis, Faerie
28%
Single ElementTheremindPsychicPsychic IslandPsychic
28%
Triple ElementWoolabeeAir / Cold / FireFire OasisOasis
27%
Triple ElementWhaddleAir / Water / FireFire OasisOasis
26%
Triple ElementRepatilloPlant / Earth / FireFire HavenHaven
25%
Double ElementBonkersPlant / PsychicPsychic IslandPsychic
24%
SeasonalGobbleygourdFeast-EmberFire HavenHaven, Oasis
23%
Triple ElementRootitootPlant / Water / FirePsychic IslandPsychic
23%
ShugufamShugabassLegendaryShugabush IslandShugabush
23%
EtherealWhispPlasma / ShadowEthereal IslandEthereal
23%
SupernaturalBrumpElectricityWublin IslandWublin
22%
SupernaturalZynthElectricityWublin IslandWublin
22%
ShugufamShugavoxLegendaryShugabush IslandShugabush
21%
Triple ElementThrumbleEarth / Water / FireBone IslandBone
21%
EtherealFung PrayCrystal / PoisonEthereal IslandEthereal
20%
Quad ElementGlopticPlant / Water / Fire / PsychicPsychic IslandPsychic
20%
Double ElementHippityHopEarth / FaerieFaerie IslandFaerie
20%
Double ElementPoppetteWater / PsychicPsychic IslandPsychic
20%
Triple ElementRoobaPlant / Fire / PsychicPsychic IslandPsychic
20%
ShugufamShugabeatsLegendaryShugabush IslandShugabush
20%
Double ElementYugglerFire / PsychicPsychic IslandPsychic
20%
Triple ElementZiggurabEarth / Cold / FireFaerie IslandFaerie
20%
Triple ElementPeriscorpWater / Fire / PsychicPsychic IslandPsychic
19%
Quad ElementPladdieEarth / Cold / Fire / FaerieFaerie IslandFaerie
19%
ShugufamShugajoLegendaryShugabush IslandShugabush
19%
Triple ElementTapricornPlant / Water / PsychicPsychic IslandPsychic
19%
Triple ElementBanjawWater / Fire / BoneBone IslandBone
18%
Triple ElementCantorellEarth / Cold / FaerieFaerie IslandFaerie
18%
Double ElementDenchuhsWater / BoneBone IslandBone
18%
Double ElementPeckidnaEarth / BoneBone IslandBone
18%
Triple ElementBridg-itEarth / Fire / FaerieFaerie IslandFaerie
17%
Quad ElementPlinkajouEarth / Water / Fire / BoneBone IslandBone
17%
Triple ElementWithurEarth / Water / BoneBone IslandBone
17%
Triple ElementClavi GnatCold / Fire / FaerieFaerie IslandFaerie
16%
Double ElementHawloFire / BoneBone IslandBone
16%
EtherealSoxPlasma / CrystalEthereal IslandEthereal
16%
ShugufamShugitarLegendaryShugabush IslandShugabush
15%
Double ElementSquotCold / FaerieFaerie IslandFaerie
15%
Triple ElementUudukEarth / Fire / BoneBone IslandBone
15%
EtherealArackuleleShadow / MechEthereal IslandEthereal
13%
Double ElementWimmziesFire / FaerieFaerie IslandFaerie
13%
SupernaturalPoewkElectricityWublin IslandWublin
12%
SupernaturalThwokElectricityWublin IslandWublin
12%
ShugufamShugarockLegendaryShugabush IslandShugabush
11%
EtherealDragongMech / PoisonEthereal IslandEthereal
10%
SupernaturalScreemuElectricityWublin IslandWublin
10%
EtherealBellowfishMech / CrystalEthereal IslandEthereal
9%
EtherealNebulobPlasma / MechEthereal IslandEthereal
9%
SupernaturalBlipsqueakElectricityWublin IslandWublin
8%
SupernaturalBona-PetiteElectricityWublin IslandWublin
8%
EtherealBoodooShadow / CrystalEthereal IslandEthereal
8%
SupernaturalDermitElectricityWublin IslandWublin
8%
SupernaturalFleechwurmElectricityWublin IslandWublin
8%
CelestialGalvanaCelestialsCelestial IslandCelestial
8%
SupernaturalPixolotlElectricityWublin IslandWublin
8%
ShugufamShugabuzzLegendaryShugabush IslandShugabush
8%
SupernaturalTympaElectricityWublin IslandWublin
8%
SupernaturalZuukerElectricityWublin IslandWublin
8%
SupernaturalDwumrohlElectricityWublin IslandWublin
7%
SupernaturalGheegurElectricityWublin IslandWublin
7%
SupernaturalMaulchElectricityWublin IslandWublin
7%
SupernaturalWhajjeElectricityWublin IslandWublin
7%
SupernaturalAstropodElectricityWublin IslandWublin
6%
CelestialHornacleCelestialsCelestial IslandCelestial
6%
EtherealKazilleonShadow / PoisonEthereal IslandEthereal
6%
SupernaturalScargoElectricityWublin IslandWublin
6%
SupernaturalCreepusculeElectricityWublin IslandWublin
5%
CelestialVhampCelestialsCelestial IslandCelestial
5%
CelestialBlasoomCelestialsCelestial IslandCelestial
4%
CelestialFurnossCelestialsCelestial IslandCelestial
4%
CelestialGlaishurCelestialsCelestial IslandCelestial
4%
CelestialLoodviggCelestialsCelestial IslandCelestial
4%
CelestialPlixieCelestialsCelestial IslandCelestial
4%
CelestialScaratarCelestialsCelestial IslandCelestial
4%
CelestialSyncopiteCelestialsCelestial IslandCelestial
4%
CelestialTorrtCelestialsCelestial IslandCelestial
4%
EtherealJellibillyPlasma / PoisonEthereal IslandEthereal
3%
CelestialAttmoxCelestialsCelestial IslandCelestial
1%

Score Distribution

Percentile by Number Answered

Percent of People with Each Score

Your Score History

You have not taken this quiz since the last reset